<?xml version="1.0" encoding="UTF-8"?>
<record
    xmlns:xsi="http://www.w3.org/2001/XMLSchema-instance"
    xsi:schemaLocation="http://www.loc.gov/MARC21/slim http://www.loc.gov/standards/marcxml/schema/MARC21slim.xsd"
    xmlns="http://www.loc.gov/MARC21/slim">

  <leader>00497    a2200157   4500</leader>
  <datafield tag="999" ind1=" " ind2=" ">
    <subfield code="c">538</subfield>
    <subfield code="d">538</subfield>
  </datafield>
  <controlfield tag="008">210413b           ||||| |||| 00| 0 eng d</controlfield>
  <datafield tag="020" ind1=" " ind2=" ">
    <subfield code="a">9789352603633</subfield>
  </datafield>
  <datafield tag="082" ind1="0" ind2="0">
    <subfield code="a">320.954076</subfield>
    <subfield code="b">L4259</subfield>
  </datafield>
  <datafield tag="100" ind1=" " ind2=" ">
    <subfield code="a">Laxmikanth, M.</subfield>
    <subfield code="9">4898</subfield>
  </datafield>
  <datafield tag="245" ind1=" " ind2=" ">
    <subfield code="a">Indian polity for civil services examinations /</subfield>
  </datafield>
  <datafield tag="250" ind1=" " ind2=" ">
    <subfield code="a">5th ed.</subfield>
  </datafield>
  <datafield tag="260" ind1=" " ind2=" ">
    <subfield code="a">New Delhi:</subfield>
    <subfield code="b">McGraw Hill Education (India) Pvt. Ltd.,</subfield>
    <subfield code="c">2018.</subfield>
  </datafield>
  <datafield tag="300" ind1=" " ind2=" ">
    <subfield code="a">xxxix, Axviii.3 p.</subfield>
  </datafield>
  <datafield tag="650" ind1=" " ind2="0">
    <subfield code="a">Indian Polity</subfield>
    <subfield code="x">Indian Constitution</subfield>
  </datafield>
  <datafield tag="942" ind1=" " ind2=" ">
    <subfield code="2">ddc</subfield>
    <subfield code="c">BK</subfield>
  </datafield>
  <datafield tag="952" ind1=" " ind2=" ">
    <subfield code="0">0</subfield>
    <subfield code="1">0</subfield>
    <subfield code="2">ddc</subfield>
    <subfield code="4">0</subfield>
    <subfield code="6">320_954076000000000_L4259</subfield>
    <subfield code="7">0</subfield>
    <subfield code="9">2475</subfield>
    <subfield code="a">CL</subfield>
    <subfield code="b">CL</subfield>
    <subfield code="d">2019-10-21</subfield>
    <subfield code="e">University Book House</subfield>
    <subfield code="g">503.75</subfield>
    <subfield code="l">1</subfield>
    <subfield code="o">320.954076 L4259</subfield>
    <subfield code="p">13674</subfield>
    <subfield code="r">2022-09-05</subfield>
    <subfield code="s">2022-08-16</subfield>
    <subfield code="v">775.00</subfield>
    <subfield code="y">BK</subfield>
  </datafield>
  <datafield tag="952" ind1=" " ind2=" ">
    <subfield code="0">0</subfield>
    <subfield code="1">0</subfield>
    <subfield code="2">ddc</subfield>
    <subfield code="4">0</subfield>
    <subfield code="6">320_954076000000000_L4259</subfield>
    <subfield code="7">0</subfield>
    <subfield code="9">2476</subfield>
    <subfield code="a">CL</subfield>
    <subfield code="b">CL</subfield>
    <subfield code="d">2019-10-21</subfield>
    <subfield code="e">University Book House</subfield>
    <subfield code="g">503.75</subfield>
    <subfield code="o">320.954076 L4259</subfield>
    <subfield code="p">13675</subfield>
    <subfield code="r">2019-10-21</subfield>
    <subfield code="v">775.00</subfield>
    <subfield code="y">BK</subfield>
  </datafield>
  <datafield tag="952" ind1=" " ind2=" ">
    <subfield code="0">0</subfield>
    <subfield code="1">0</subfield>
    <subfield code="2">ddc</subfield>
    <subfield code="4">0</subfield>
    <subfield code="6">320_954076000000000_L4259</subfield>
    <subfield code="7">0</subfield>
    <subfield code="9">2477</subfield>
    <subfield code="a">CL</subfield>
    <subfield code="b">CL</subfield>
    <subfield code="d">2019-10-21</subfield>
    <subfield code="e">University Book House</subfield>
    <subfield code="g">503.75</subfield>
    <subfield code="o">320.954076 L4259</subfield>
    <subfield code="p">13676</subfield>
    <subfield code="r">2019-10-21</subfield>
    <subfield code="v">775.00</subfield>
    <subfield code="y">BK</subfield>
  </datafield>
  <datafield tag="952" ind1=" " ind2=" ">
    <subfield code="0">0</subfield>
    <subfield code="1">0</subfield>
    <subfield code="2">ddc</subfield>
    <subfield code="4">0</subfield>
    <subfield code="6">320_954076000000000_L4259</subfield>
    <subfield code="7">0</subfield>
    <subfield code="9">2478</subfield>
    <subfield code="a">CL</subfield>
    <subfield code="b">CL</subfield>
    <subfield code="d">2019-10-21</subfield>
    <subfield code="e">University Book House</subfield>
    <subfield code="g">503.75</subfield>
    <subfield code="l">1</subfield>
    <subfield code="o">320.954076 L4259</subfield>
    <subfield code="p">13677</subfield>
    <subfield code="r">2022-08-18</subfield>
    <subfield code="s">2022-08-16</subfield>
    <subfield code="v">775.00</subfield>
    <subfield code="y">BK</subfield>
  </datafield>
</record>
